Random Disney Characters (by Picture) - Statistics

General Stats
  • This quiz has been taken 1,672 times
    882 since last reset
  • The average score is 6 of 9
Answer Stats
Picture Answer % Correct
Aladdin
100%
Ariel
100%
Bambi
100%
Barbie
100%
Belle
100%
Bugs Bunny
100%
Buzz Lightyear
100%
Donkey
100%
Dory
100%
Elsa
100%
Gaston
100%
Lilo
100%
Maui
100%
Minions
100%
Peter Pan
100%
Pluto
100%
Shrek
100%
Sid
100%
Sleepy
100%
Snow White
100%
Tarzan
100%
Lightning McQueen
96%
Nemo
96%
Princess Jasmine
96%
Simba
96%
Winnie the Pooh
96%
Anger
95%
Donald Duck
95%
Mickey Mouse
95%
Mike Wazowski
95%
Moana
95%
Pinocchio
95%
WALLE
95%
Cookie Monster
94%
Gru
94%
Hercules
94%
Jafar
94%
Joy
94%
Kermit the Frog
94%
Mowgli
94%
Rapunzel
94%
Wendy
94%
Alice
93%
Beast
93%
Goofy
93%
Mufasa
93%
Piglet
93%
Tinker Bell
93%
Aurora
92%
Cruella de Vil
92%
Dumbo
92%
Robin Hood
92%
Stitch
92%
Tigger
92%
Woody
92%
Jane
91%
Magic Mirror
91%
Scooby-Doo
91%
Timon
91%
Cinderella
90%
Rafiki
90%
Captain Hook
89%
Fairy Godmother
89%
Mr. Incredible
89%
Nala
89%
Olaf
89%
Paddington Bear
89%
Pocahontas
89%
Princess Fiona
89%
Rex
89%
Eeyore
88%
Genie
88%
Minnie Mouse
88%
Puss in Boots
88%
Sebastian
88%
Zeus
88%
Mulan
87%
Lady
86%
Princess Tiana
86%
Sulley
86%
Anna
85%
Ralph
85%
Andy
84%
Daffy Duck
84%
Ken
84%
Chip
83%
Diego
83%
Geppetto
83%
Iago
83%
Kim Possible
83%
Mérida
83%
Phineas
83%
Sadness
83%
Jessica Rabbit
82%
Ursula
82%
Daisy Duck
81%
Elastigirl
81%
Megamind
81%
Ferb Fletcher
80%
Fix-it Felix Jr.
80%
Hades
80%
Jack-Jack
80%
Miss Piggy
80%
Po
80%
Queen of Hearts
80%
Roger Rabbit
80%
Scrooge McDuck
80%
Abu
79%
Arthur
79%
Ben 10
79%
Chicken Little
79%
Forky
79%
The Lorax
79%
Bolt
78%
Boo
78%
EVE
78%
Maleficent
78%
Raya
78%
Kristoff Bjorgman
77%
Edna Mode
76%
Lord Farquaad
76%
Shaggy
76%
Baymax
75%
Jack Skellington
75%
Jiminy Cricket
75%
Mad Hatter
75%
Magic Carpet
75%
Prince Hans
75%
Sid
75%
Tramp
75%
Tweedle Dee & Dum
75%
Velma
75%
Bruno
74%
Mater
74%
Fear
73%
Grumpy
73%
Jimmy Neutron
73%
Flynn Rider
72%
Dash
71%
Lumiere
71%
Mother Gothel
71%
Mr. Potato Head
71%
Prince Eric
71%
Pumbaa
71%
Sally Carrera
71%
Thumper
71%
Bashful
70%
Kronk
70%
Porky Pig
70%
Prince Charming
70%
Rango
70%
Alien
69%
Flounder
69%
Frozone
69%
Happy
69%
Bo Peep
68%
Margo
68%
Sneezy
68%
The Evil Queen
68%
Chip
67%
Christopher Robin
67%
Coco Rivera
67%
Jessie
67%
John Smith
67%
Scar
67%
Tweety Bird
67%
Wallace
67%
Esmeralda
66%
Carl Fredricksen
65%
Merlin
65%
Toothless
65%
Blu
64%
Bullseye
64%
Dewey Duck
64%
Doc
64%
Shaun the Sheep
64%
Tod
64%
Disgust
63%
King Julien
63%
Louie Duck
63%
Speedy Gonzales
63%
Vector
63%
Russell
62%
Scrat
62%
King Triton
61%
Mushu
61%
Dale
60%
Bagheera
59%
Dr. Heinz Doofenshmirtz
59%
Pongo
59%
Road Runner
59%
Baloo
58%
Gloria
58%
Gromit
58%
Syndrome
58%
Candace
57%
Coraline
57%
Manny
57%
Daphne
56%
Lucy
56%
Perry the Platypus
56%
Slinky
56%
White Rabbit
55%
Miguel Rivera
54%
Mr. Fox
54%
Cheshire Cat
53%
Fozzie Bear
53%
Master Shifu
53%
Hiccup
52%
Little John
52%
Melman
52%
Mirabel Madrigal
52%
Dug
50%
Hiro Hamada
50%
Luca
50%
Marlin
50%
Marty
50%
Penguins of Madagascar
50%
Remy
50%
Violet
50%
Cogsworth
48%
Mrs. Potts
48%
Zazu
48%
Dopey
46%
Hamm
46%
Kuzco
46%
Shere Khan
46%
Yogi Bear
46%
Roo
45%
Megara
44%
Quasimodo
44%
Duke Caboom
43%
Huey Duck
43%
Bing Bong
42%
Dr. Nefario
42%
Kanga
41%
Pascal
40%
Yzma
40%
Alfredo Linguini
39%
Sylvester
39%
Colette Tatou
38%
Copper
37%
Alex
36%
Prince Naveen
36%
Flik
35%
Perdita
35%
Shego
35%
Claude Frollo
33%
Master Tigress
33%
Vanellope
33%
Doc Hudson
32%
Kaa
32%
Mei Lee
32%
Marshmallow
30%
Agnes
29%
Nani
29%
Chick Hicks
24%
Edith
24%
Grand Master Oogway
24%
Flint Lockwood
23%
Gabby Gabby
23%
Gopher
22%
Sally
21%
Ernesto de la Cruz
19%
Kiara
19%
Maid Marian
19%
Nigel
19%
Jewel
18%
Mumble
16%
Balto
15%
Foghorn Leghorn
10%
Patch
9%
Ginger
5%
Luiz
0%
Rafael
0%
No matching quizzes found
Score Distribution
Percent of People with Each Score
Percentile by Number Answered
Your Score History
You have not taken this quiz since the last reset